[Event "Milan Crespi op-B 32nd"]
[Site "Milan"]
[Date "2011.12.11"]
[Round "6"]
[White "Lanni, Vincenzo"]
[Black "Trent, Alan M"]
[Result "1-0"]
[WhiteElo "1766"]
[BlackElo "1759"]
[PlyCount "54"]
[EventDate "2011.12.07"]
[EventType "swiss"]
[EventRounds "7"]
[EventCountry "ITA"]
[SourceTitle "EXT 2022"]
[Source "ChessBase"]
[SourceDate "2021.10.06"]
[SourceVersion "1"]
[SourceVersionDate "2021.10.06"]
[SourceQuality "1"]

1. d4 Nf6 2. c4 c5 3. d5 e6 4. Bg5 Qa5+ 5. Qd2 Qxd2+ 6. Nxd2 Be7 7. h4 exd5 8. Bxf6 Bxf6 9. cxd5 Bxb2 10. Rb1 Bc3 11. e4 0-0 12. Rb3 Bxd2+ 13. Kxd2 d6 14. f4 Nd7 15. Re3 Nf6 16. Nf3 a6 17. Bd3 b5 18. Ng5 g6 19. h5 c4 20. Bc2 Nxh5 21. Rxh5 gxh5 22. e5 Bg4 23. Nxh7 Rfc8 24. Nf6+ Kg7 25. Rg3 dxe5 26. fxe5 Kh6 27. Ke3 Rc5 1-0

[Event "Milan Crespi op-B 32nd"]
[Site "Milan"]
[Date "2011.12.09"]
[Round "4"]
[White "Lanni, Vincenzo"]
[Black "Grigioni, Giulio"]
[Result "0-1"]
[WhiteElo "1766"]
[BlackElo "1896"]
[PlyCount "70"]
[EventDate "2011.12.07"]
[EventType "swiss"]
[EventRounds "7"]
[EventCountry "ITA"]
[SourceTitle "EXT 2022"]
[Source "ChessBase"]
[SourceDate "2021.10.06"]
[SourceVersion "1"]
[SourceVersionDate "2021.10.06"]
[SourceQuality "1"]

1. d4 e6 2. g3 d5 3. Bg2 c5 4. c3 Nc6 5. Nf3 Nf6 6. 0-0 cxd4 7. Nxd4 e5 8. Nxc6 bxc6 9. c4 Be7 10. b4 Bxb4 11. Qa4 Qb6 12. Be3 Bc5 13. Bxc5 Qxc5 14. Nd2 0-0 15. cxd5 cxd5 16. Rfc1 Qe7 17. Qa5 Be6 18. e4 Rfd8 19. Rc7 Rd7 20. Rac1 Rxc7 21. Rxc7 Qd8 22. Qc5 dxe4 23. Rxa7 Rc8 24. Qa5 Qd5 25. h3 h5 26. Nf1 Rc1 27. Kh2 Qd4 28. Ra8+ Kh7 29. Rd8 Qxf2 30. Rd2 Qc5 31. Qxc5 Rxc5 32. Re2 Ra5 33. Bxe4+ Nxe4 34. Rxe4 Rxa2+ 35. Kg1 Bd5 0-1

[Event "Milan Crespi op-B 32nd"]
[Site "Milan"]
[Date "2011.12.08"]
[Round "3"]
[White "Ferrari, Claudio"]
[Black "Lanni, Vincenzo"]
[Result "1-0"]
[WhiteElo "1879"]
[BlackElo "1766"]
[PlyCount "43"]
[EventDate "2011.12.07"]
[EventType "swiss"]
[EventRounds "7"]
[EventCountry "ITA"]
[SourceTitle "EXT 2022"]
[Source "ChessBase"]
[SourceDate "2021.10.06"]
[SourceVersion "1"]
[SourceVersionDate "2021.10.06"]
[SourceQuality "1"]

1. e4 g6 2. d4 Bg7 3. f4 d6 4. Nf3 c6 5. Bd3 Nf6 6. 0-0 0-0 7. Nc3 Qc7 8. Qe2 e6 9. e5 dxe5 10. fxe5 Nd5 11. Ne4 f5 12. exf6 Nxf6 13. Bg5 Ng4 14. h3 Nh6 15. Bxh6 Bxh6 16. Ne5 Bf4 17. Rxf4 Rxf4 18. Rf1 Rxf1+ 19. Qxf1 Qe7 20. Nf6+ Kg7 21. Nxh7 Kxh7 22. Nxg6 1-0

[Event "Milan Crespi op-B 32nd"]
[Site "Milan"]
[Date "2011.12.07"]
[Round "1"]
[White "Lanni, Vincenzo"]
[Black "Rechi Montes, Xavier"]
[Result "0-1"]
[WhiteElo "1766"]
[BlackElo "1900"]
[PlyCount "60"]
[EventDate "2011.12.07"]
[EventType "swiss"]
[EventRounds "7"]
[EventCountry "ITA"]
[SourceTitle "EXT 2022"]
[Source "ChessBase"]
[SourceDate "2021.10.06"]
[SourceVersion "1"]
[SourceVersionDate "2021.10.06"]
[SourceQuality "1"]

1. d4 Nf6 2. g3 g6 3. Bg2 Bg7 4. Nf3 0-0 5. 0-0 d6 6. c4 Nbd7 7. Qc2 c5 8. d5 Ne5 9. Nxe5 dxe5 10. e4 Nh5 11. Be3 Qc7 12. Nc3 a6 13. Bf3 Bh3 14. Bg2 Bxg2 15. Kxg2 f5 16. f3 f4 17. Bg1 fxg3 18. hxg3 Rf6 19. Be3 Raf8 20. Rad1 Qc8 21. Bg5 R6f7 22. d6 exd6 23. Rxd6 h6 24. Be3 Rxf3 25. Rxf3 Rxf3 26. Kxf3 Qf8+ 27. Kg2 Qxd6 28. Nd5 Bf8 29. Qd1 Nf6 30. Bxh6 Nxd5 0-1

[Event "Crema op 12th"]
[Site "Crema "]
[Date "2010.09.05"]
[Round "4"]
[White "Epitome, Nando"]
[Black "Lanni, Vincenzo"]
[Result "1/2-1/2"]
[WhiteElo "1607"]
[BlackElo "1817"]
[PlyCount "131"]
[EventDate "2010.09.05"]
[EventType "swiss"]
[EventRounds "6"]
[EventCountry "ITA"]
[SourceTitle "EXT 2012"]
[Source "ChessBase"]
[SourceDate "2011.11.24"]
[SourceVersion "1"]
[SourceVersionDate "2011.11.24"]
[SourceQuality "1"]

1. d4 g6 2. c4 Bg7 3. Nc3 d6 4. e4 Nf6 5. f3 c6 6. Be3 0-0 7. Bd3 Nbd7 8. Nge2 e5 9. d5 c5 10. 0-0 h6 11. a3 g5 12. b4 b6 13. Rb1 Re8 14. g3 Nf8 15. Kg2 Ng6 16. bxc5 bxc5 17. Qd2 Bd7 18. Rb3 Qc7 19. Rfb1 Reb8 20. Qb2 Rxb3 21. Qxb3 Bf8 22. a4 a6 23. Qb7 Ra7 24. Qxc7 Rxc7 25. Rb6 Bc8 26. Nc1 Nd7 27. Rb3 Be7 28. a5 Kg7 29. Na4 Rb7 30. Bd2 Rxb3 31. Nxb3 Bd8 32. Bc3 f6 33. Kf2 Kf7 34. Bd2 Kg7 35. Bf1 Bb7 36. Bh3 Ngf8 37. Ke3 Bc8 38. Bc3 Bc7 39. f4 Bd8 40. fxe5 fxe5 41. Bf5 Kf6 42. g4 Ng6 43. Be1 Ne7 44. h4 Nxf5+ 45. exf5 Kg7 46. h5 Nf6 47. Kf3 Kf7 48. Nb6 Bxb6 49. axb6 Nd7 50. Ba5 Bb7 51. Nd2 Nf6 52. Ne4 Nxe4 53. Kxe4 Kf6 54. Bc3 Ke7 55. Be1 a5 56. Kd3 a4 57. Kc2 Kf6 58. Kb2 Kf7 59. Ka3 Kf6 60. Kxa4 Kf7 61. Kb3 Kf6 62. Kc2 Kf7 63. Kd3 Kf6 64. Ke4 Kf7 65. Bf2 Ba6 66. Be3 1/2-1/2

[Event "Crema op 12th"]
[Site "Crema "]
[Date "2010.09.05"]
[Round "5"]
[White "Lanni, Vincenzo"]
[Black "Vuckovic, Dimitrije"]
[Result "1/2-1/2"]
[WhiteElo "1817"]
[BlackElo "1566"]
[PlyCount "56"]
[EventDate "2010.09.05"]
[EventType "swiss"]
[EventRounds "6"]
[EventCountry "ITA"]
[SourceTitle "EXT 2012"]
[Source "ChessBase"]
[SourceDate "2011.11.24"]
[SourceVersion "1"]
[SourceVersionDate "2011.11.24"]
[SourceQuality "1"]

1. d4 Nf6 2. g3 g6 3. Bg2 Bg7 4. Nf3 0-0 5. 0-0 d5 6. c3 b6 7. Nbd2 Bb7 8. Qc2 c5 9. dxc5 bxc5 10. Nb3 Nbd7 11. Bg5 Rc8 12. Bd2 c4 13. Nbd4 a6 14. Ng5 h6 15. Nh3 e5 16. Nf3 Ne4 17. Ne1 Nxd2 18. Qxd2 Nf6 19. e3 d4 20. e4 Qb6 21. Kh1 Rfd8 22. Ng1 a5 23. Nc2 Ba6 24. Rab1 Rc7 25. f4 exf4 26. gxf4 d3 27. Nd4 Nh5 28. e5 Bc8 1/2-1/2

[Event "Milan Crespi op-B 30th"]
[Site "Milan"]
[Date "2009.12.06"]
[Round "3"]
[White "Lanni, Vincenzo"]
[Black "Pescatore, Lorenzo"]
[Result "1/2-1/2"]
[WhiteElo "1803"]
[BlackElo "1900"]
[PlyCount "84"]
[EventDate "2009.12.04"]
[EventType "swiss"]
[EventRounds "7"]
[EventCountry "ITA"]
[SourceTitle "EXT 2012"]
[Source "ChessBase"]
[SourceDate "2011.11.24"]
[SourceVersion "1"]
[SourceVersionDate "2011.11.24"]
[SourceQuality "1"]

1. d4 Nf6 2. g3 c5 3. c3 d5 4. Bg2 Nc6 5. Nf3 cxd4 6. cxd4 Bf5 7. Nc3 g6 8. 0-0 Bg7 9. Qb3 Qd7 10. Bf4 e6 11. Ne5 Nxe5 12. Bxe5 0-0 13. Rac1 Rac8 14. h3 g5 15. g4 Bg6 16. f3 Ne8 17. Bxg7 Kxg7 18. Rfd1 h5 19. Nb5 a6 20. Na3 hxg4 21. hxg4 Nd6 22. Qe3 Qe7 23. Rxc8 Rxc8 24. Rc1 Rxc1+ 25. Qxc1 f6 26. Qc5 Kf7 27. Bf1 Ne8 28. b4 Qd6 29. Kg2 f5 30. gxf5 Bxf5 31. e3 Qf8 32. Qxf8+ Kxf8 33. b5 axb5 34. Nxb5 Ke7 35. a4 b6 36. Nc3 Nd6 37. Kg3 Kd7 38. Nb5 Nb7 39. Nc3 Na5 40. e4 dxe4 41. fxe4 Bh7 42. Kg4 Nb3 1/2-1/2

[Event "Milan Crespi op-B 30th"]
[Site "Milan"]
[Date "2009.12.04"]
[Round "1"]
[White "Lanni, Vincenzo"]
[Black "Rossi, Giampiero"]
[Result "1/2-1/2"]
[WhiteElo "1803"]
[BlackElo "1936"]
[PlyCount "97"]
[EventDate "2009.12.04"]
[EventType "swiss"]
[EventRounds "7"]
[EventCountry "ITA"]
[SourceTitle "EXT 2012"]
[Source "ChessBase"]
[SourceDate "2011.11.24"]
[SourceVersion "1"]
[SourceVersionDate "2011.11.24"]
[SourceQuality "1"]

1. d4 d5 2. g3 c6 3. Bg2 Nf6 4. Nf3 h6 5. Nbd2 Bf5 6. c4 e6 7. cxd5 exd5 8. Ne5 Nbd7 9. Nxd7 Qxd7 10. 0-0 Bd6 11. a3 0-0 12. e3 Rfe8 13. Nb3 Qe7 14. Bd2 Rac8 15. Rc1 Ne4 16. Bc3 Ng5 17. Nd2 Bh3 18. b4 Bxg2 19. Kxg2 a6 20. Re1 Qe6 21. Rf1 Qh3+ 22. Kg1 Ne4 23. Nxe4 Rxe4 24. Qf3 Rce8 25. Bd2 h5 26. Qg2 Qxg2+ 27. Kxg2 g6 28. Rb1 f5 29. Rfe1 Bf8 30. a4 b5 31. axb5 axb5 32. Rec1 R4e6 33. Ra1 Rd8 34. Ra6 Rdd6 35. Raa1 Kf7 36. Re1 Rd7 37. Rec1 Rdd6 38. Re1 Ke7 39. Rec1 Rd7 40. Re1 Bg7 41. h4 Bf6 42. Kf3 Kd6 43. Rh1 Ree7 44. Ra6 Ra7 45. Rha1 Rxa6 46. Rxa6 Rb7 47. Ra8 Rg7 48. Bc3 Rf7 49. Kg2 1/2-1/2

[Event "Milan Crespi op-B 29th"]
[Site "Milan"]
[Date "2008.12.08"]
[Round "7"]
[White "Lanni, Vincenzo"]
[Black "Margstahler, Francesco"]
[Result "1/2-1/2"]
[WhiteElo "1868"]
[BlackElo "1768"]
[PlyCount "49"]
[EventDate "2008.12.05"]
[EventType "swiss"]
[EventRounds "7"]
[EventCountry "ITA"]
[SourceTitle "EXT 2010"]
[Source "ChessBase"]
[SourceDate "2010.11.25"]
[SourceVersion "1"]
[SourceVersionDate "2010.11.25"]
[SourceQuality "1"]

1. d4 d5 2. g3 Nf6 3. Bg2 c6 4. Nf3 Bg4 5. 0-0 Nbd7 6. c3 e6 7. h3 Bh5 8. g4 Bg6 9. Bf4 Qb6 10. Qb3 c5 11. Qxb6 axb6 12. Nbd2 c4 13. Nh4 Be4 14. Nhf3 Be7 15. a3 0-0 16. Nxe4 Nxe4 17. Ne5 Nxe5 18. Bxe5 Nd2 19. Rfe1 Bh4 20. e4 Nxe4 21. Bxe4 dxe4 22. Rxe4 b5 23. Bd6 Rfd8 24. Bb4 Rd5 25. f4 1/2-1/2

[Event "Milan Crespi op-B 29th"]
[Site "Milan"]
[Date "2008.12.06"]
[Round "3"]
[White "Lanni, Vincenzo"]
[Black "Murli, Almerico"]
[Result "1-0"]
[WhiteElo "1868"]
[BlackElo "1842"]
[PlyCount "83"]
[EventDate "2008.12.05"]
[EventType "swiss"]
[EventRounds "7"]
[EventCountry "ITA"]
[SourceTitle "EXT 2010"]
[Source "ChessBase"]
[SourceDate "2010.11.25"]
[SourceVersion "1"]
[SourceVersionDate "2010.11.25"]
[SourceQuality "1"]

1. d4 Nf6 2. g3 g6 3. Bg2 Bg7 4. Nf3 d6 5. 0-0 0-0 6. c4 Nbd7 7. Nc3 e5 8. dxe5 dxe5 9. Qc2 c6 10. Be3 Ng4 11. Bd2 Qe7 12. Rad1 Re8 13. h3 Ngf6 14. Bc1 Nf8 15. e4 N6d7 16. Be3 Nc5 17. b4 Nce6 18. c5 Bd7 19. Na4 Rad8 20. Rd6 Bc8 21. Rfd1 Rxd6 22. cxd6 Qd7 23. Nc5 Nxc5 24. bxc5 Ne6 25. h4 Qd8 26. Qa4 a6 27. Qb4 f5 28. exf5 gxf5 29. Ng5 Nxg5 30. Bxg5 Qd7 31. h5 h6 32. Bh4 e4 33. Qb3+ Kh8 34. Bh3 Re5 35. Qb6 Rd5 36. Rxd5 cxd5 37. Qb3 Qc6 38. Qb4 Bd7 39. Bd8 d4 40. Qc4 b5 41. Qf7 Qxc5 42. Qxd7 1-0

[Event "Bratto op-B 28th"]
[Site "Bratto"]
[Date "2008.08.30"]
[Round "8"]
[White "Maccarini, Luca"]
[Black "Lanni, Vincenzo"]
[Result "1/2-1/2"]
[WhiteElo "1920"]
[BlackElo "1849"]
[PlyCount "101"]
[EventDate "2008.08.23"]
[EventType "swiss"]
[EventRounds "9"]
[EventCountry "ITA"]
[SourceTitle "EXT 2011"]
[Source "ChessBase"]
[SourceDate "2010.11.26"]
[SourceVersion "1"]
[SourceVersionDate "2010.11.26"]
[SourceQuality "1"]

1. d4 g6 2. Nf3 Bg7 3. g3 Nf6 4. Bg2 d6 5. 0-0 0-0 6. c4 c6 7. Nc3 Nbd7 8. Qc2 Qc7 9. Rb1 e5 10. dxe5 dxe5 11. b4 Re8 12. Rd1 Nb6 13. Nd2 Be6 14. c5 Nbd5 15. Nce4 Bf5 16. Nc4 Bxe4 17. Bxe4 Nxe4 18. Qxe4 Nc3 19. Qc2 Nxb1 20. Qxb1 Bf8 21. f4 Rad8 22. Rxd8 Qxd8 23. Nxe5 Qd1+ 24. Kf2 Bg7 25. a3 Bxe5 26. fxe5 Rxe5 27. Qb2 Rf5+ 28. Bf4 g5 29. e4 gxf4 30. exf5 fxg3+ 31. hxg3 Qd5 32. f6 Qf5+ 33. Kg2 h5 34. Qd4 Kh7 35. a4 Kg6 36. b5 Qc2+ 37. Kh3 cxb5 38. axb5 Qb1 39. Kh2 Qxb5 40. Qe4+ Kxf6 41. Qd4+ Kg6 42. Qe4+ Kg7 43. Qe5+ Kg8 44. Qg5+ Kf8 45. Qh6+ Ke8 46. Qh8+ Kd7 47. Qd4+ Ke8 48. Qh8+ Kd7 49. Qd4+ Ke8 50. Qh8+ Ke7 51. Qe5+ 1/2-1/2

[Event "Bratto op-B 28th"]
[Site "Bratto"]
[Date "2008.08.23"]
[Round "1"]
[White "Lanni, Vincenzo"]
[Black "Pulvirenti, Gianni"]
[Result "1/2-1/2"]
[WhiteElo "1849"]
[BlackElo "1952"]
[PlyCount "98"]
[EventDate "2008.08.23"]
[EventType "swiss"]
[EventRounds "9"]
[EventCountry "ITA"]
[SourceTitle "EXT 2011"]
[Source "ChessBase"]
[SourceDate "2010.11.26"]
[SourceVersion "1"]
[SourceVersionDate "2010.11.26"]
[SourceQuality "1"]

1. d4 Nf6 2. g3 g6 3. Bg2 Bg7 4. Nf3 d6 5. 0-0 0-0 6. c3 c6 7. Nbd2 Nbd7 8. e4 Qc7 9. Qc2 e5 10. dxe5 dxe5 11. b4 h6 12. h3 Nb6 13. c4 Be6 14. c5 Nbd7 15. Bb2 Nh5 16. Nc4 Rfd8 17. Nd6 b6 18. Rfd1 a5 19. cxb6 Qxb6 20. bxa5 Rxa5 21. Bc3 Raa8 22. Kh2 f6 23. Bf1 Nc5 24. Nh4 Kh7 25. Be1 Bf8 26. Nc4 Qc7 27. Rxd8 Qxd8 28. Rd1 Qc7 29. Ra1 Na4 30. Ne3 Bc5 31. Nc4 Bd4 32. Rb1 Nc5 33. Bb4 Nd7 34. Be1 Qa7 35. Na5 Rc8 36. Rb7 Qa8 37. Rb1 c5 38. Nc4 Rb8 39. Rxb8 Nxb8 40. a4 Qb7 41. a5 Ng7 42. Nf3 Ne8 43. Nxd4 cxd4 44. Nb6 Kg7 45. Qc5 Qc7 46. Bb4 Qxc5 47. Bxc5 Nd7 48. Bb4 Nc7 49. Bd6 Ne8 1/2-1/2

[Event "Gorgonzola op-B 12th"]
[Site "Gorgonzola"]
[Date "2007.11.11"]
[Round "3"]
[White "Lanni, Vincenzo"]
[Black "Olivo, Mario"]
[Result "0-1"]
[WhiteElo "1864"]
[BlackElo "1887"]
[PlyCount "74"]
[EventDate "2007.11.10"]
[EventType "swiss"]
[EventRounds "6"]
[EventCountry "ITA"]
[SourceTitle "EXT 2010"]
[Source "ChessBase"]
[SourceDate "2010.11.25"]
[SourceVersion "1"]
[SourceVersionDate "2010.11.25"]
[SourceQuality "1"]

1. d4 Nf6 2. g3 e6 3. Bg2 c5 4. Nf3 Nc6 5. c3 Qb6 6. e3 Be7 7. 0-0 0-0 8. Nbd2 d5 9. b3 cxd4 10. Nxd4 Nxd4 11. cxd4 Bd7 12. Bb2 Rfe8 13. e4 dxe4 14. Nxe4 Bb5 15. Re1 Nd5 16. Nc5 Rac8 17. Qg4 Nf6 18. Qf4 Bd6 19. Qd2 Bc6 20. Bxc6 Rxc6 21. b4 Rd8 22. a3 Bxc5 23. bxc5 Qxc5 24. Rac1 Qb5 25. Rxc6 Qxc6 26. Rc1 Qd7 27. Qc2 Nd5 28. Qc5 b6 29. Qc6 Qxc6 30. Rxc6 Kf8 31. Kf1 Ke8 32. Ke2 Kd7 33. Rc1 Rb8 34. Kd3 a6 35. f4 f6 36. Ke4 g6 37. g4 f5+ 0-1

[Event "Bergamo op"]
[Site "Bergamo"]
[Date "2007.10.26"]
[Round "4"]
[White "Lanni, Vincenzo"]
[Black "Basletta, Giovanni"]
[Result "1-0"]
[WhiteElo "1864"]
[BlackElo "1362"]
[PlyCount "61"]
[EventDate "2007.10.05"]
[EventType "swiss"]
[EventRounds "7"]
[EventCountry "ITA"]
[SourceTitle "EXT 2009"]
[Source "ChessBase"]
[SourceDate "2008.11.26"]
[SourceVersion "1"]
[SourceVersionDate "2008.11.26"]
[SourceQuality "1"]

1. d4 d5 2. g3 Nf6 3. Bg2 g6 4. Nf3 Bg7 5. 0-0 0-0 6. Nbd2 Re8 7. c3 c6 8. h3 Nbd7 9. Qc2 e5 10. e4 Qc7 11. exd5 Nxd5 12. Nc4 exd4 13. Nxd4 b5 14. Ne3 N7f6 15. Nxd5 Nxd5 16. Nxb5 cxb5 17. Bxd5 Bb7 18. Bxb7 Qxb7 19. Be3 Qd7 20. Kh2 Rad8 21. Rad1 Qb7 22. Rxd8 Rxd8 23. Rd1 Re8 24. Qd3 Qf3 25. Bxa7 Qxd3 26. Rxd3 Ra8 27. Rd7 Re8 28. Rd5 Ra8 29. Be3 Rxa2 30. Rd8+ Bf8 31. Bh6 1-0

[Event "Bergamo Province-ch"]
[Site "Bergamo"]
[Date "2006.10.13"]
[Round "2"]
[White "Lanni, Vincenzo"]
[Black "Oteri, Aldo"]
[Result "0-1"]
[WhiteElo "1784"]
[BlackElo "1954"]
[PlyCount "40"]
[EventDate "2006.10.06"]
[EventType "swiss"]
[EventRounds "9"]
[EventCountry "ITA"]
[SourceTitle "EXT 2011"]
[Source "ChessBase"]
[SourceDate "2010.11.26"]
[SourceVersion "1"]
[SourceVersionDate "2010.11.26"]
[SourceQuality "1"]

1. d4 d5 2. g3 g6 3. Bg2 Bg7 4. Nf3 Nf6 5. 0-0 0-0 6. c3 Bg4 7. Nbd2 Nbd7 8. h3 Bxf3 9. Nxf3 c5 10. Qb3 Qb6 11. Qxb6 axb6 12. g4 e6 13. Bf4 cxd4 14. Bd6 Rfc8 15. Nxd4 Ne8 16. Ba3 Ne5 17. Nb5 Nc4 18. e4 Ra5 19. Nd4 Nxa3 20. bxa3 Rxc3 0-1

[Event "Bergamo Province-ch"]
[Site "Bergamo"]
[Date "2006.10.06"]
[Round "1"]
[White "Salvetti, Carlo"]
[Black "Lanni, Vincenzo"]
[Result "0-1"]
[WhiteElo "1377"]
[BlackElo "1784"]
[PlyCount "60"]
[EventDate "2006.10.06"]
[EventType "swiss"]
[EventRounds "9"]
[EventCountry "ITA"]
[SourceTitle "EXT 2011"]
[Source "ChessBase"]
[SourceDate "2010.11.26"]
[SourceVersion "1"]
[SourceVersionDate "2010.11.26"]
[SourceQuality "1"]

1. e4 g6 2. d4 Bg7 3. Nf3 d6 4. e5 Nh6 5. Nc3 0-0 6. Bc4 c6 7. exd6 exd6 8. d5 Re8+ 9. Be3 Nf5 10. 0-0 Nxe3 11. fxe3 b5 12. Bb3 b4 13. Na4 c5 14. c3 bxc3 15. bxc3 Rxe3 16. Rc1 Bf5 17. Qd2 Re8 18. Rfe1 Rxe1+ 19. Rxe1 Nd7 20. c4 Ne5 21. Bd1 Nxc4 22. Qf4 Ne5 23. Nc3 Nd3 24. Qd2 Nxe1 25. Qxe1 Qe8 26. Nb5 Qxe1+ 27. Nxe1 Rb8 28. Ba4 Be5 29. Nxa7 Rb1 30. Kf2 Rb2+ 0-1

[Event "Bratto Gorgonzola op-B"]
[Site "Bratto"]
[Date "2006.08.20"]
[Round "1"]
[White "Lanni, Vincenzo"]
[Black "Roversi, Stefano"]
[Result "0-1"]
[WhiteElo "1697"]
[BlackElo "1857"]
[PlyCount "54"]
[EventDate "2006.08.20"]
[EventType "swiss"]
[EventRounds "8"]
[EventCountry "ITA"]
[SourceTitle "EXT 2008"]
[Source "ChessBase"]
[SourceDate "2007.11.25"]
[SourceVersion "1"]
[SourceVersionDate "2007.11.25"]
[SourceQuality "1"]

1. d4 Nf6 2. g3 g6 3. Bg2 Bg7 4. Nf3 0-0 5. 0-0 d5 6. c3 Nbd7 7. Nbd2 c5 8. Qc2 cxd4 9. Nxd4 e5 10. N4b3 Qc7 11. e4 d4 12. Qd3 dxc3 13. Qxc3 Qxc3 14. bxc3 Nb6 15. Ba3 Rd8 16. Rfd1 Na4 17. Nc4 Be6 18. Nd6 Nxc3 19. Rd2 Bf8 20. Na5 Nb5 21. Nxb5 Rxd2 22. Bxf8 Kxf8 23. Nxb7 Rc8 24. f3 Rcc2 25. Bf1 Rxh2 26. a4 Nh5 27. Rc1 Rxc1 0-1

[Event "Bergamo Province-ch"]
[Site "Bergamo"]
[Date "2005.11.04"]
[Round "5"]
[White "Lanni, Vincenzo"]
[Black "Stefanelli, Alfredo"]
[Result "0-1"]
[WhiteElo "1619"]
[BlackElo "1787"]
[PlyCount "90"]
[EventDate "2005.10.07"]
[EventType "swiss"]
[EventRounds "8"]
[EventCountry "ITA"]
[SourceTitle "EXT 2023"]
[Source "ChessBase"]
[SourceDate "2022.10.05"]
[SourceVersion "1"]
[SourceVersionDate "2022.10.05"]
[SourceQuality "1"]

1. d4 d5 2. g3 Nf6 3. Bg2 e6 4. Nf3 c5 5. c3 Nc6 6. 0-0 Be7 7. dxc5 Bxc5 8. Nbd2 0-0 9. Qc2 a5 10. e4 Qc7 11. Nb3 Ba7 12. exd5 Nxd5 13. Qe4 h6 14. Nbd4 Nf6 15. Qh4 Nxd4 16. Nxd4 Bxd4 17. cxd4 Qe7 18. Qf4 Ra6 19. Qe5 Rd8 20. Qe2 Rxd4 21. Be3 Rd7 22. Rac1 Rc7 23. Rxc7 Qxc7 24. Rc1 Qd8 25. Qc4 Ra8 26. Bf3 Nd5 27. Rd1 Qf6 28. Bxd5 exd5 29. Qxd5 Bg4 30. Rd2 Bf3 31. Qd7 Qg6 32. Qd3 Qg4 33. Qf1 Re8 34. h3 Qf5 35. Kh2 Bc6 36. Qg1 Qf3 37. a3 Re6 38. Rd8+ Kh7 39. Rd4 g5 40. g4 Rxe3 41. fxe3 Qe2+ 42. Kg3 Qxb2 43. Qf1 Kg7 44. Qf2 Qxa3 45. Qf5 Qxe3+ 0-1